Kentuckians!.

Bibliographic Details
Main Author: Morgan, John Hunt, 1825-1864
Format: Microform Book
Language:English
Published: [Georgetown, Ky.] : [publisher not identified], [1862]
Series:Confederate imprints, 1861-1865 ; reel 82, no. 2530.
Subjects:

MARC

Tag First Indicator Second Indicator Subfields
LEADER 00000cam a2200000 a 4500
001 in00001189366
005 20151002064443.0
007 hd afv---baca
008 900913s1862 kyu a 000 0 eng d
035 |a (OCoLC)22368829 
035 |9 AGJ9149AM 
040 |a FEI  |c FEI  |d UtOrBLW 
043 |a n-us-ky 
049 |a TXAI 
090 |a E487  |b .C66 1974 reel 82 no. 2530 
099 |a Film   |a  B 1664  |a reel 82, no. 2530. 
100 1 |a Morgan, John Hunt,  |d 1825-1864. 
245 1 0 |a Kentuckians!. 
264 1 |a [Georgetown, Ky.] :  |b [publisher not identified],  |c [1862] 
300 |a 1 broadside ;  |c 12 x 10 cm. 
336 |a text  |b txt  |2 rdacontent 
337 |a microform  |b h  |2 rdamedia 
338 |a microfilm reel  |b hd  |2 rdacarrier 
500 |a "Georgetown, Ky. July 15th 1862." 
500 |a Caption title. 
500 |a Signed at end: John H. Morgan. 
500 |a Filmed from the holdings of the Museum of the Confederacy, Richmond, Virginia. 
533 |a Microfilm.  |b New Haven, Conn. :  |c Research Publications,  |d [1974].  |e On reel 82 of 143 microfilm reels ; 35 mm.  |f (Confederate imprints, 1861-1865 ; reel 82, no. 2530). 
539 |a s  |b 1974  |d ctu  |e n 
500 |a Microform. 
650 0 |a Propaganda, Confederate  |z Kentucky. 
651 0 |a Kentucky  |x History  |y Civil War, 1861-1865. 
830 0 |a Confederate imprints, 1861-1865 ;  |v reel 82, no. 2530. 
999 |a MARS 
999 f f |s b30c80b4-f849-3bb2-8747-716ff6ad60e6  |i 95b114c6-910f-30ad-b517-bc7606b5d8be  |t 0 
952 f f |p default  |a Texas A&M University  |b College Station  |c Sterling C. Evans Library  |d Evans: Microforms (3rd floor)  |t 0  |e Film B 1664 reel 82, no. 2530.  |h Other scheme  |i microform -- microfilm reel 
998 f f |a Film B 1664 reel 82, no. 2530.  |t 0  |l Evans: Microforms (3rd floor)